[Event "Ortega op 5th"]
[Site "Ortega"]
[Date "2015.06.12"]
[Round "2"]
[White "Arias, Henry"]
[Black "Moreno Bermudez, Jhon Jairo"]
[Result "0-1"]
[WhiteElo "1600"]
[BlackElo "1803"]
[PlyCount "50"]
[EventDate "2015.06.12"]
[EventType "swiss"]
[EventRounds "7"]
[EventCountry "COL"]
[SourceTitle "CBM 167 Extra"]
[Source "ChessBase"]
[SourceDate "2015.09.14"]
[SourceVersion "1"]
[SourceVersionDate "2015.09.14"]
[SourceQuality "1"]

1. e4 e5 2. Nf3 Nf6 3. Nc3 Nc6 4. Bc4 Nxe4 5. 0-0 Nxc3 6. dxc3 Be7 7. Bxf7+ Kxf7 8. Qd5+ Kf8 9. Nxe5 Nxe5 10. Qxe5 Bf6 11. Qe4 d5 12. Qf3 Kf7 13. Rd1 c6 14. Bg5 Re8 15. Rd4 Kg8 16. Bxf6 Qxf6 17. Rf4 Qe7 18. h3 Bd7 19. Qh5 g6 20. Qd1 Rf8 21. Rb4 Bf5 22. Qd2 Rae8 23. a4 b6 24. c4 Qe2 25. Qg5 Bxc2 0-1